Air Canada Fleet - Statistics

General Stats
  • This quiz has been taken 644 times
  • The average score is 8 of 17
Answer Stats
Hint Answer % Correct
Airbus Airbus A320
87%
Airbus Airbus A330-300
85%
Airbus Airbus A321
74%
Airbus Airbus A319
72%
Boeing Boeing 777-300ER
60%
Boeing Boeing 777-200LR
59%
Boeing Boeing 787-8
59%
Boeing Boeing 787-9
59%
Embraer Embraer E-175
54%
Embraer Embraer E-190
54%
Boeing Boeing 767-300ER
47%
Bombardier Bombardier CRJ-100/200
42%
Bombardier Bombardier Q400
40%
Beechcraft Beechcraft 1900D
5%
Bombardier Bombardier CRJ-705
5%
De Havilland De Havilland Dash 8 (100)
2%
De Havilland De Havilland Dash 8 (300)
2%
No matching quizzes found
Score Distribution
Percent of People with Each Score
Percentile by Number Answered
Your Score History
You have not taken this quiz